00699nam a22002057a 4500003000500000005001700005008004100022010000900063011000900072035000900081040000900090100003700099245010900136260004200245300002700287502009600314650002200410650002800432650003300460CHAP20220329133612.0971013s1993 r 00010 d a8439 a9411 a8646 cCHAP00aFernández Elguezabal, Jesús. aInfluencia del genotipo de papa en la producción de oosporas de Phytophthora infestans (Mont.) de Bary aMontecillo, Méx. :bEl autor,c1993 a56 h.b: ilus. ; anexo aTesis (M.C. Esp. en Fitopatología) -- Colegio de Postgraduados. Centro de Fitopatología14aPapaxGenética.14aPhytophthora infestans.14aTizón tardío de la papa.